All the Geography I know by Letter-B - Statistics

General Stats
  • This quiz has been taken 53 times
  • The average score is 57 of 84
Answer Stats
Hint Answer % Correct
Capital of Germany Berlin
98%
Capital of Hungary Budapest
98%
Sea between Denmark and Finland Baltic
94%
Capital of Thailand Bangkok
94%
Capital of China Beijing
94%
Capital of Switzerland Bern
94%
City in United Kingdom Birmingham
94%
Capital of Colombia Bogota
94%
Biggest country in South America Brasil/Brazil
94%
Capital of Romania Bucharest
94%
Capital of Argentina Buenos Aires
94%
Capital of Iraq Baghdad
92%
Resort Island belonging to Indonesia Bali
92%
Island Nation in the Caribbean Barbados
92%
Capital of Catalonia Barcelona
92%
Capital of Northern Ireland Belfast
92%
Capital of Serbia Belgrade
92%
Country bordered by Mexico and Guatemala Belize
92%
Capital of Guinea ______ Bissau
92%
Capital of the Above Brasilia
92%
Capital of Belgium Brussels
92%
Country also known as Myanmar Burma
92%
Country along the Gulf of Guinea Benin
90%
Island Nation in the Caribbean Bahamas
88%
Country in the Persian Gulf Bahrain
88%
City in Eastern Australia Brisbane
88%
Capital of Azerbaijan Baku
83%
Capital of Massachusetts Boston
83%
Country south of Rwanda Burundi
83%
South American nations which part of Lake Titicaca lies in Bolivia
81%
Capital of Slovakia Bratislava
81%
Capital of Republic of the Congo Brazzaville
81%
Country bordering alot of countries along the Gulf of Guinea Burkina Faso
81%
City in Turkey with the same name as a famous superhero Batman
77%
An island of Antigua Barbuda
75%
British Island in the Atlantic Ocean Bermuda
75%
City in Northern Spain Bilbao
75%
Capital of Kyrgyzstan Bishkek
75%
One of the 3 South African Capitals Bloemfontein
75%
Capital of Mali Bamako
73%
City in Southern South Korea Busan
73%
Capital of the above Belmopan
71%
Capital of Idaho Boise
71%
City in Maryland Baltimore
69%
City in the same country Belize City
69%
City in Italy Bologna
69%
City in Western France Bordeaux
69%
Capital of Central African Republic Bangui
67%
Capital of Gambia Banjul
67%
City in Italy Bari
67%
City in United Kingdom Bristol
67%
City in Southern India Bangalore
65%
Capital of North Dakota Bismarck
65%
City in Czech Republic Brno
63%
City in Belgium Bruges
63%
City in Western New York Buffalo
63%
City in the same country Belo Horizonte
60%
City in Germany Bonn
58%
City in Germany Bremen
58%
City in Eastern Libya Benghazi
56%
Gulf between Sweden and Finland Bothnia
56%
City in Switzerland Basel
54%
Dutch island in the Caribbean Bonaire
54%
City in Colombia Barranquilla
50%
Ex-Capital of said country Bujumbura
50%
City in Colorado Boulder
48%
City in Portugal Braga
48%
City in Belarus/Brittany Brest
48%
City in California Bakersfield
46%
City in Montana Billings
46%
Lake in Hungary Balaton
44%
City super far north in Alaska Barrow
35%
City in Turkey Bursa
35%
City in United Kingdom Bournemouth
31%
City in Eastern Bulgaria Burgas
31%
City in Italy Brescia
27%
City in Malawi Blantyre
25%
City in Zimbabwe Bulawayo
25%
City in Romania Brasov
23%
City in Germany Bremerhaven
21%
City in Angola Benguela
17%
City in California Berkeley
17%
City in the above Bobo Dioulasso
17%
City in Belarus Babruysk
13%
No matching quizzes found
Score Distribution
Percent of People with Each Score
Percentile by Number Answered
Your Score History
You have not taken this quiz